000 00280nam a22001217a 4500
008 170621b xxu||||| |||| 00| 0 eng d
041 _aeng
080 _a94(7/8)
100 _a18
101 _aSHH
245 _aRELIGION IN AMERICA SINCE A HISTORY
_cALLIT.P
942 _2udc
_cBK
999 _c18407
_d18407